Départements français en 90 secondes - Statistiques

Statistiques générales
  • Ce quiz a été pris 12 498 fois
  • Le résultat moyen est 29 sur 101
Réponses sur la Carte
Les réponses sont colorées sur une échelle allant du rouge au vert en fonction du pourcentage des utilisateurs qui les ont devinées à leur premier essai. Vous pouvez retrouver ces pourcentages ci-dessous.
 
Statistiques - réponses
Départements % Correct
42 Loire
69%
01 Ain
67%
59 Nord
67%
75 Paris
61%
02 Aisne
59%
29 Finistère
58%
62 Pas-de-Calais
48%
45 Loiret
45%
60 Oise
45%
67 Bas-Rhin
44%
83 Var
44%
69 Rhône (et métropole de Lyon)
43%
33 Gironde
42%
68 Haut-Rhin
42%
11 Aude
41%
27 Eure
41%
10 Aube
40%
14 Calvados
40%
03 Allier
39%
50 Manche
39%
56 Morbihan
39%
73 Savoie
37%
80 Somme
37%
2A Corse-du-Sud
36%
18 Cher
35%
61 Orne
35%
2B Haute-Corse
34%
57 Moselle
34%
07 Ardèche
33%
30 Gard
33%
973 Guyane
33%
40 Landes
33%
46 Lot
33%
51 Marne
33%
16 Charente
32%
08 Ardennes
31%
36 Indre
31%
55 Meuse
31%
81 Tarn
31%
971 Guadeloupe
30%
38 Isère
30%
22 Côtes-d'Armor
29%
974 La Réunion
29%
972 Martinique
29%
84 Vaucluse
29%
85 Vendée
29%
25 Doubs
28%
32 Gers
28%
35 Ille-et-Vilaine
28%
39 Jura
28%
13 Bouches-du-Rhône
27%
23 Creuse
27%
26 Drôme
27%
74 Haute-Savoie
27%
78 Yvelines
27%
15 Cantal
26%
34 Hérault
26%
09 Ariège
25%
21 Côte-d'Or
25%
28 Eure-et-Loir
25%
41 Loir-et-Cher
25%
06 Alpes-Maritimes
24%
12 Aveyron
24%
91 Essonne
24%
976 Mayotte
24%
77 Seine-et-Marne
24%
19 Corrèze
23%
53 Mayenne
23%
86 Vienne
22%
88 Vosges
22%
44 Loire-Atlantique
21%
72 Sarthe
21%
76 Seine-Maritime
21%
43 Haute-Loire
20%
93 Seine-Saint-Denis
20%
24 Dordogne
19%
37 Indre-et-Loire
19%
58 Nièvre
19%
95 Val-d'Oise
19%
89 Yonne
19%
52 Haute-Marne
18%
48 Lozère
18%
05 Hautes-Alpes
17%
47 Lot-et-Garonne
17%
94 Val-de-Marne
17%
17 Charente-Maritime
16%
54 Meurthe-et-Moselle
16%
31 Haute-Garonne
15%
92 Hauts-de-Seine
15%
90 Territoire de Belfort
15%
49 Maine-et-Loire
14%
87 Haute-Vienne
13%
63 Puy-de-Dôme
13%
71 Saône-et-Loire
13%
82 Tarn-et-Garonne
13%
04 Alpes-de-Haute- Provence
12%
79 Deux-Sèvres
12%
70 Haute-Saône
10%
64 Pyrénées-Atlantiques
10%
66 Pyrénées-Orientales
9%
65 Hautes-Pyrénées
6%
Aucun quiz correspondant
Distribution des résultats
% des personnes avec chaque résultat
Percentile par nombre de réponses
Votre historique - résultats
Vous n’avez pas pris ce quiz